000
00272nam a2200109Ia 4500
008
190914s9999||||xx |||||||||||||| ||und||
100
_a
Andreas F. Molisch
245
0
_a
Wireless Communications
260
_a
New Delhi
_b
Tata McGraw Hill
_c
1997
300
_a
652
942
_c
BK
999
_c
9564
_d
9564